000
00337nam a2200145Ia 4500
005
20251222143134.0
008
251222s9999||||xx |||||||||||||| ||spa||
020
_a
84-7112-411-4
082
_a
370.193.41/C76
100
_a
Connell, R.W.
245
0
_a
Escuelas y Justicia Social
250
_a
2a.ed.
264
_b
Morata
942
_c
LIB
999
_c
12049
_d
12049